02438cam a2200265 a 450000100060000000300090000600500170001500800410003202000250007304000130009804100080011108200180011910000370013724500600017426000510023430000350028550400510032050503820037152011400075365000540189370000440194794200110199199900170200295201530201911187IN-BhIIT20251107170755.0100625s2010 enkab b 001 0 eng  a9781108446945 (pbk.) aIN-BhIIT aeng00a551.49bHEA/E1 aHealy, Richard W.eAuthor92572910aEstimating groundwater recharge /cby Richard W. Healy. aNew York :bCambridge University Press,c2010. aviii, 245 p. :bill. ;c26 cm. aIncludes bibliographical references and index.8 aMachine generated contents note: Preface; 1. Groundwater recharge; 2. Water-budget methods; 3. Modeling methods; 4. Methods based on surface-water data; 5. Physical methods - unsaturated zone; 6. Physical methods - saturated zone; 7. Chemical tracer methods; 8. Heat tracer methods; 9. Linking estimation methods to conceptual models of groundwater recharge; References; Index. a"Understanding groundwater recharge is essential for successful management of water resources and modeling fluid and contaminant transport within the subsurface. This book provides a critical evaluation of the theory and assumptions that underlie methods for estimating rates of groundwater recharge. Detailed explanations of the methods are provided - allowing readers to apply many of the techniques themselves without needing to consult additional references. Numerous practical examples highlight benefits and limitations of each method. Approximately 900 references allow advanced practitioners to pursue additional information on any method. For the first time, theoretical and practical considerations for selecting and applying methods for estimating groundwater recharge are covered in a single volume with uniform presentation. Hydrogeologists, water-resource specialists, civil and agricultural engineers, earth and environmental scientists and agronomists will benefit from this informative and practical book, which is also a useful adjunct text for advanced courses in groundwater or hydrogeology"--Provided by publisher. 0aGroundwater rechargexMathematical models.9257271 aScanlon, Bridget R.eContributor925728 cTRB01 c14804d14804 00102ddc40708SIFaCLIITBBSbCLIITBBSd2025-02-14e53g2793.84l1o551.49 HEA/Ep11187r2026-05-08 19:27:40s2025-11-07v3827.18w2025-02-14yTRB